000 00640nam a2200241Ia 4500
003 OSt
005 20221007074141.0
006 a|||||r|||| 00| 0
007 ta
008 221006b |||||||| |||| 00| 0 eng d
024 _a15,409
037 _cTextual
040 _aFLL
_cFLL
_beng
041 _2eng
_aeng
082 _aX415:Z2qM90, M0
100 _aRao P Hari Au.
_9692598
245 0 _aIndian railways act
250 _a4th
260 _aMadras
_bMadras Law Journal Office India
_c1980
300 _axlviii,1144p
_ccm.
942 _hX415:Z2qM90, M0
_cTEXL
_2CC
999 _c1151343
_d1151343